000 01070nam a2200253Ia 4500
003 OSt
005 20201013183157.0
008 191128s1984 ck gq 000 0 spa d
020 _a9586010007
_qcolección
020 _a9586010015
040 _aCO-JMCR
_cCO-JMCR
041 0 _aspa
082 0 4 _a986.1 /
_bL722g
_223
100 1 _aLievano Aguirre, Indalecio,
_eautor
_94099
245 1 4 _aLos grandes conflictos sociales y económicos de nuestra Historia /
_cIndalecio Lievano Aguirre
250 _aDécima edición
260 _aBogotá :
_bTercer Mundo,
_c1984
300 _a462 páginas ;
_c20 cm.
490 0 _aManuales universitarios
505 0 _aLa primera lucha por la justicia -- La controversia sobre las encomiendas -- La rebelión de los encomenderos -- La iglesia y los encomenderos -- La fronda sojuzgada -- Sobre el lomo de los conflictos -- La reforma agraria y la reforma tributaria de 1591
650 1 4 _aGuerra de la Independencia
_y1810-1822
_zColombia
_911465
650 1 4 _aCondiciones económicas
_xhistoria
_zColombia
_97210
942 _2ddc
_cBK
999 _c5692
_d5692